| Tag |
First Indicator |
Second Indicator |
Subfields |
| LEADER |
00000cam a2200000 4500 |
| 001 |
in00000022520 |
| 005 |
20151007064030.0 |
| 008 |
760123s1933 mx 00001 spa d |
| 010 |
|
|
|a 35018199
|
| 035 |
|
|
|a (OCoLC)01943859
|
| 035 |
|
|
|9 AAD8874AM
|
| 040 |
|
|
|a AKC
|c AKC
|d TXA
|d UtOrBLW
|
| 049 |
|
|
|a TXAM
|c [415568]
|
| 050 |
|
0 |
|a PQ7297.L685
|b T5
|
| 092 |
|
|
|a 863
|b L864t
|
| 100 |
1 |
|
|a López y Fuentes, Gregorio,
|d 1897-1966.
|
| 245 |
1 |
0 |
|a Tierra :
|b la revolucion agraria en Mexico /
|c novela.
|
| 264 |
|
1 |
|a Mexico, D.F. :
|b Editorial Mexico,
|c 1933.
|
| 300 |
|
|
|a 186 pages ;
|c 20 cm.
|
| 336 |
|
|
|a text
|b txt
|2 rdacontent
|
| 337 |
|
|
|a unmediated
|b n
|2 rdamedia
|
| 338 |
|
|
|a volume
|b nc
|2 rdacarrier
|
| 999 |
|
|
|a MARS
|
| 999 |
f |
f |
|s c0dc158b-0eaa-382e-8df8-d803b62acf41
|i 62fe1c17-3e46-3a0c-bdcd-768f9bc3896f
|t 0
|
| 952 |
f |
f |
|p ric
|a Texas A&M University
|b Rellis Campus
|c Joint Library Facility
|d Remote Storage
|t 0
|e PQ7297.L685 T5
|h Library of Congress classification
|i unmediated -- volume
|m A14801384771
|
| 998 |
f |
f |
|a PQ7297.L685 T5
|t 0
|l Remote Storage
|